[Event "It (open) St. Petersburg 300"]
[Site "St. Petersburg (Russia)"]
[Date "2003.??.??"]
[EventDate "?"]
[Round "1.68"]
[Result "0-1"]
[White "Aleksandr Lukashuk"]
[Black "Timur Gareyev"]
[WhiteElo "2256"]
[BlackElo "2434"]
[PlyCount "60"]

1.e4 e5 2.Nf3 Nc6 3.Bb5 a6 4.Ba4 Nf6 5.O-O Be7 6.h3 Ne4 7.Re1
Nf6 8.Ne5 Ne5 9.Re5 O-O 10.d4 d5 11.Bg5 h6 12.Bh4 g5 13.Bg3
Ne4 14.Bb3 Bd6 15.Rd5 Ng3 16.fg3 c6 17.Rd6 Qd6 18.Kh2 Be6
19.Be6 Qe6 20.Nd2 Rae8 21.Nf3 Qe2 22.Qc1 Qf2 23.Ne5 Qd4 24.Ng4
Re6 25.c3 Qd3 26.Qg1 f5 27.Nf2 Qe3 28.Rd1 f4 29.g4 Qg3+ 30.Kh1
f3 0-1

[Event "It (open) St. Petersburg 300"]
[Site "St. Petersburg (Russia)"]
[Date "2003.??.??"]
[EventDate "?"]
[Round "4.10"]
[Result "0-1"]
[White "Timur Gareyev"]
[Black "Evgeny Shaposhnikov"]
[WhiteElo "2434"]
[BlackElo "2554"]
[PlyCount "112"]

1.d4 Nf6 2.c4 e6 3.Nf3 b6 4.Nc3 Bb4 5.Bg5 Bb7 6.Qc2 c5 7.d5 h6
8.Bh4 ed5 9.cd5 Qe7 10.O-O-O d6 11.e4 Nbd7 12.e5 de5 13.Ne4 g5
14.Nf6+ Qf6 15.Bg3 c4 16.Qa4 Bd6 17.Bc4 a6 18.Be5 Be5 19.Ne5
b5 20.Bb5 ab5 21.Qb5 Qf4+ 22.Kb1 Qa4 23.Qa4 Ra4 24.b3 Ra6
25.Nc4 O-O 26.h4 Nf6 27.hg5 Nd5 28.Rh3 hg5 29.Rdh1 Nf6 30.f3
Rfa8 31.Rg3 g4 32.a4 Bd5 33.Ne3 Be6 34.Ng4 Ng4 35.fg4 Rb8
36.Kc2 Rc6+ 37.Kb2 Rcb6 38.Rhh3 Kg7 39.Ka3 Rb4 40.Rc3 Kg6
41.Rhg3 Kg5 42.Rcf3 R4b7 43.Rc3 Rb4 44.Rcf3 Re4 45.Rc3 Re1
46.Rc2 Ra1+ 47.Ra2 Ra2+ 48.Ka2 Rb4 49.Kb2 Rg4 50.Rg4+ Kg4
51.b4 f5 52.b5 f4 53.Kc3 Kg3 54.a5 Kg2 55.Kd4 f3 56.a6 Bc8 0-1

[Event "It (open) St. Petersburg 300"]
[Site "St. Petersburg (Russia)"]
[Date "2003.??.??"]
[EventDate "?"]
[Round "6.11"]
[Result "1/2-1/2"]
[White "Timur Gareyev"]
[Black "Maxim Ilyich Sorokin"]
[WhiteElo "2434"]
[BlackElo "2565"]
[PlyCount "70"]

1.d4 d5 2.c4 dc4 3.Nf3 e6 4.e3 c5 5.Bc4 a6 6.O-O Nf6 7.Qe2 b5
8.Bb3 Bb7 9.Rd1 Nbd7 10.Nc3 Qb8 11.d5 Nd5 12.Nd5 Bd5 13.Bd5
ed5 14.Rd5 Be7 15.e4 Qb7 16.Bg5 f6 17.Bf4 O-O 18.Nh4 Nb6
19.Rd3 Rfe8 20.Nf5 Bf8 21.Re1 Rad8 22.Rd8 Rd8 23.h4 c4 24.Qg4
Re8 25.Bd6 Na4 26.Bf8 Rf8 27.Rd1 Kh8 28.Rd2 g6 29.Ne3 Nc5
30.Rd5 Qe7 31.h5 gh5 32.Rh5 Ne4 33.Nd5 Qe8 34.Qh4 Rf7 35.Qf4
Qe6 1/2-1/2

[Event "It (open) St. Petersburg 300"]
[Site "St. Petersburg (Russia)"]
[Date "2003.??.??"]
[EventDate "?"]
[Round "8.9"]
[Result "1-0"]
[White "Alexander Areshchenko"]
[Black "Timur Gareyev"]
[WhiteElo "2539"]
[BlackElo "2434"]
[PlyCount "189"]

1.e4 e5 2.Nf3 Nc6 3.d4 ed4 4.Nd4 Qf6 5.Be3 Bc5 6.c3 Nge7 7.Bc4
Ne5 8.Be2 Qg6 9.O-O d6 10.f3 O-O 11.Nd2 d5 12.Kh1 de4 13.fe4
Bb6 14.Bf4 N7c6 15.N2f3 Qf6 16.Ng5 Ng6 17.Be3 Qe7 18.Bc4 Nge5
19.Bd5 Bg4 20.Qe1 h6 21.Ngf3 Rad8 22.Qg3 Bf3 23.gf3 Nd4 24.cd4
Rd5 25.ed5 Ng6 26.Rae1 Qf6 27.Qg4 Rd8 28.Qe4 Qd6 29.Bf2 Qd5
30.Qd5 Rd5 31.Re8+ Kh7 32.Rb8 Rf5 33.Bg3 Ne7 34.Re1 Nc6 35.Rb7
Nd8 36.Rb8 Ne6 37.Kg2 Bd4 38.b4 a5 39.Rc1 ab4 40.Rb4 Ra5 41.a4
c5 42.Rbc4 g5 43.Rb1 Ra6 44.Kf1 Bg7 45.Rb7 Kg6 46.Rb5 Bf6
47.Bf2 Rd6 48.Bc5 Rd1+ 49.Ke2 Rh1 50.Be3 Rh2+ 51.Kd3 Ra2 52.a5
Ra3+ 53.Ke4 h5 54.f4 gf4 55.Bf4 h4 56.Bd6 Ra2 57.Rc1 Bg5
58.Rd1 Bd2 59.Rg1+ Ng5+ 60.Kd3 f6 61.Bc7 h3 62.Rh1 Ne6 63.Bb6
Bf4 64.Rbb1 Be5 65.Kc4 h2 66.Kb5 Ng5 67.Ka6 Ne4 68.Kb7 Nd6+
69.Ka6 Nc4 70.Bd8 Bc3 71.Rb5 Be5 72.Rc5 Ra1 73.Rh2 Bh2 74.Rc4
f5 75.Bb6 Bg1 76.Kb7 Rb1 77.Kc6 Kg5 78.Bd8+ Kg6 79.Ra4 Rc1+
80.Kb7 Rb1+ 81.Ka8 Be3 82.a6 f4 83.Re4 Ra1 84.Kb7 Rb1+ 85.Kc6
Ra1 86.Kb5 Rb1+ 87.Kc6 Ra1 88.Kb7 Rb1+ 89.Kc8 Ra1 90.Re6+ Kf5
91.Rf6+ Ke4 92.Re6+ Kd3 93.Bg5 Ra5 94.Bh6 Rh5 95.Kb7 Rb5+
{%04...} 1-0

[Event "Open"]
[Site "Calcutta IND"]
[Date "2004.11.10"]
[EventDate "2004.11.08"]
[Round "3"]
[Result "1-0"]
[White "Aleksej Gennadyevich Aleksandrov"]
[Black "Timur Gareyev"]
[WhiteElo "2617"]
[BlackElo "2581"]
[PlyCount "83"]

1. d4 Nf6 2. c4 g6 3. Nc3 Bg7 4. e4 O-O 5. Bg5 d6 6. Qd2 Na6
7. Bd3 e5 8. d5 c6 9. Nge2 Nc5 10. Bc2 cxd5 11. exd5 a5
12. O-O Bd7 13. Kh1 Qb6 14. b3 Rae8 15. Rab1 Na6 16. a3 Qc7
17. f3 Nh5 18. Rfc1 Qb8 19. b4 f5 20. bxa5 e4 21. fxe4 f4
22. Rf1 Rf7 23. Bh4 Qc8 24. Nb5 Be5 25. Ng1 Bg4 26. h3 g5
27. hxg4 Qxg4 28. Be1 Rf6 29. Nd4 Rh6 30. Nh3 Bxd4 31. Qxd4
Nc5 32. a6 Qe2 33. Rf2 Qg4 34. axb7 Ng3+ 35. Kh2 Ne2 36. Rxe2
Qxe2 37. Qf2 Qxf2 38. Bxf2 Nxb7 39. Kg1 Na5 40. Bd3 f3
41. Nxg5 fxg2 42. Rb5 1-0

[Event "Open"]
[Site "Calcutta IND"]
[Date "2004.11.14"]
[EventDate "2004.11.08"]
[Round "8"]
[Result "1-0"]
[White "Timur Gareyev"]
[Black "Devaki V Prasad"]
[WhiteElo "2581"]
[BlackElo "2388"]
[PlyCount "81"]

1. d4 Nf6 2. c4 e6 3. Nf3 b6 4. Nc3 Bb4 5. Bg5 Bb7 6. e3 h6
7. Bh4 c5 8. Bd3 cxd4 9. exd4 O-O 10. O-O Be7 11. Re1 d5
12. Qe2 Nc6 13. cxd5 Nxd5 14. Qe4 g6 15. Bxe7 Ncxe7 16. Ne5
Kg7 17. Qg4 Nf6 18. Qf4 g5 19. Qe3 Nf5 20. Bxf5 exf5 21. Qd3
f4 22. Rad1 Nd5 23. Ne4 Rc8 24. Qa3 Rc7 25. Nd6 a5 26. Nf5+
Kh7 27. Ng4 h5 28. Qh3 h4 29. Qd3 Nb4 30. Qb5 Rc6 31. Ne7 f5
32. Nxf5 Qd5 33. Re7+ Kh8 34. Qxd5 Nxd5 35. Rxb7 Rxf5 36. Re1
Rc7 37. Rxc7 Nxc7 38. Re7 Nb5 39. Rd7 a4 40. a3 f3 41. Ne5 1-0

[Event "Open"]
[Site "Calcutta IND"]
[Date "2004.11.15"]
[EventDate "2004.11.08"]
[Round "9"]
[Result "1-0"]
[White "Surya Shekhar Ganguly"]
[Black "Timur Gareyev"]
[WhiteElo "2603"]
[BlackElo "2581"]
[PlyCount "121"]

1. e4 e5 2. Nf3 Nc6 3. Bb5 a6 4. Ba4 Nf6 5. O-O Bc5 6. c3 b5
7. Bb3 d6 8. a4 Rb8 9. d4 Bb6 10. axb5 axb5 11. Na3 O-O
12. Nxb5 Bg4 13. Bc2 Bxf3 14. gxf3 Nh5 15. dxe5 Qh4 16. exd6
Ng3 17. dxc7 Nxf1 18. Qxf1 Rbc8 19. Be3 Bxe3 20. fxe3 Qg5+
21. Kh1 Qxe3 22. Qd3 Qf2 23. Rf1 Qb6 24. b4 Na7 25. e5 g6
26. Nd6 Rxc7 27. Ne4 Qe6 28. Qd5 Qxd5 29. Nf6+ Kg7 30. Nxd5
Rc6 31. Bd3 Rd8 32. c4 Nc8 33. Be2 Nb6 34. b5 Rxc4 35. Nxb6
Rc2 36. Re1 Rdd2 37. Bf1 Rxh2+ 38. Kg1 Rh5 39. Re2 Rxe2
40. Bxe2 Rxe5 41. Kf2 h5 42. Na4 Re8 43. b6 Rb8 44. Bc4 Kf6
45. f4 g5 46. fxg5+ Kxg5 47. Ke3 Re8+ 48. Kd4 Rd8+ 49. Bd5 h4
50. b7 h3 51. Ke3 h2 52. Bh1 Kg4 53. Nb6 Re8+ 54. Kf2 Rb8
55. Nd7 Rd8 56. b8=Q Rxb8 57. Nxb8 f5 58. Nc6 f4 59. Ne5+ Kf5
60. Nf3 Ke6 61. Nxh2 1-0

[Event "Cappelle la Grande"]
[Site "Cappelle la Grande FRA"]
[Date "2007.03.04"]
[EventDate "2007.03.03"]
[Round "2"]
[Result "1-0"]
[White "David Pruess"]
[Black "Timur Gareyev"]
[WhiteElo "2402"]
[BlackElo "2551"]
[PlyCount "87"]

1. e4 d5 2. exd5 Nf6 3. c4 e6 4. dxe6 Bxe6 5. Nf3 Qe7 6. Qe2
Nc6 7. d4 Bf5 8. Qxe7+ Bxe7 9. Be3 Nb4 10. Na3 Ne4 11. Be2 Bf6
12. O-O O-O-O 13. Ne5 c5 14. f3 Nd2 15. Rfd1 Nb1 16. Raxb1
Bxb1 17. Nxb1 cxd4 18. Bd2 d3 19. Bf1 Bxe5 20. Bxb4 Bd4+
21. Kh1 Bxb2 22. Nc3 d2 23. Nd5 Bc1 24. Bxd2 Bxd2 25. Rxd2
Rhe8 26. Rd1 Rd6 27. Kg1 Ra6 28. Nc3 Rd8 29. Bd3 g6 30. Bc2
Rxd1+ 31. Bxd1 Rd6 32. Bb3 Rd2 33. Nd5 Rd3 34. Kf2 f5 35. Nf6
Rd2+ 36. Kg3 h5 37. h4 Kc7 38. Nd5+ Kd6 39. Nf4 Kc5 40. Nxg6
a5 41. Nf4 Kb4 42. c5 a4 43. Be6 Kxc5 44. Nxh5 1-0

[Event "ch-UZB"]
[Site "Tashkent UZB"]
[Date "2007.05.18"]
[EventDate "2007.05.11"]
[Round "8"]
[Result "1-0"]
[White "Timur Gareyev"]
[Black "Andrey Kvon"]
[WhiteElo "2551"]
[BlackElo "2360"]
[PlyCount "61"]

1. d4 Nf6 2. c4 e6 3. Nf3 c5 4. g3 cxd4 5. Nxd4 d5 6. Bg2 e5
7. Nf3 d4 8. O-O Nc6 9. e3 d3 10. e4 Bg4 11. Nc3 Nd4 12. Bg5
h6 13. Be3 Nc2 14. Rb1 Nxe3 15. fxe3 Bc5 16. Qd2 Bxf3 17. Rxf3
Rc8 18. Bh3 Rc6 19. Rxf6 Rxf6 20. b4 Be7 21. Nd5 Rc6 22. Qxd3
O-O 23. c5 b6 24. Bd7 Rc7 25. Nxc7 Qxc7 26. c6 g6 27. Kg2 Kg7
28. a3 Rd8 29. Qd5 f6 30. Rd1 Rf8 31. Qe6 1-0

[Event "SWO"]
[Site "Fort Worth, Texas"]
[Date "2009.09.05"]
[EventDate "?"]
[Round "2"]
[Result "1-0"]
[White "Timur Gareyev"]
[Black "Chris Land"]
[WhiteElo "2652"]
[BlackElo "2242"]
[PlyCount "39"]

1. d4 d5 2. Nf3 c6 3. c4 e6 4. e3 Nf6 5. Bd3 Nbd7 6. O-O Bd6
7. Nbd2 O-O 8. e4 dxe4 9. Nxe4 Nxe4 10. Bxe4 Nf6 11. Bc2 c5
12. Bg5 h6 13. Bh4 cxd4 14. Qxd4 Be7 15. Qc3 Ne4 16. Bxe7 Nxc3
17. Bxd8 Ne2+ 18. Kh1 Rxd8 19. Rad1 Bd7 20. Rd2 1-0

[Event "112th US Open"]
[Site "Orlando USA"]
[Date "2011.08.04"]
[EventDate "2011.07.30"]
[Round "3"]
[Result "1-0"]
[White "Timur Gareyev"]
[Black "Toby Boas"]
[WhiteElo "2613"]
[BlackElo "2199"]
[PlyCount "59"]

1. d4 Nf6 2. c4 c5 3. d5 b5 4. cxb5 a6 5. b6 a5 6. Nc3 Ba6
7. Nf3 d6 8. Qa4+ Nbd7 9. g4 h6 10. h4 Qxb6 11. a3 Rb8 12. Bh3
Bb5 13. Qd1 h5 14. g5 Ng4 15. g6 f6 16. O-O Bc4 17. Bf4 Qb3
18. Qd2 Nb6 19. Rfd1 e5 20. dxe6 Bxe6 21. Qd3 Nc4 22. Qe4 Nce5
23. Nd5 f5 24. Nc7+ Ke7 25. Bg5+ Kd7 26. Nxe5+ Nxe5 27. Nxe6
fxe4 28. Nxc5+ Kc6 29. Nxb3 Rxb3 30. Be6 1-0

[Event "112th US Open"]
[Site "Orlando USA"]
[Date "2011.08.05"]
[EventDate "2011.07.30"]
[Round "4"]
[Result "0-1"]
[White "Gildardo Garcia"]
[Black "Timur Gareyev"]
[WhiteElo "2368"]
[BlackElo "2613"]
[PlyCount "72"]

1. e4 e5 2. Nf3 Nc6 3. Bb5 a6 4. Ba4 Nf6 5. O-O Bc5 6. Nxe5
Nxe5 7. d4 b5 8. dxe5 Nxe4 9. Qd5 Bb7 10. Qxb7 c6 11. Be3 Bxe3
12. fxe3 Nc5 13. Qxa8 Qxa8 14. Bb3 O-O 15. Nd2 a5 16. a3 Qe8
17. Nf3 Nxb3 18. cxb3 f6 19. Rad1 fxe5 20. e4 d5 21. exd5 e4
22. Rfe1 cxd5 23. Nd4 b4 24. Re2 h6 25. axb4 axb4 26. Nc2 Qb5
27. Red2 Qb6+ 28. Rd4 Rc8 29. Ne3 Rc1 30. Kf2 Qf6+ 31. Ke2
Rxd1 32. Rxd1 Qxb2+ 33. Rd2 Qxb3 34. Nxd5 Qc4+ 35. Ke1 b3
36. Ne3 Qb4 0-1

[Event "112th US Open"]
[Site "Orlando USA"]
[Date "2011.08.05"]
[EventDate "2011.07.30"]
[Round "4"]
[Result "1-0"]
[White "Timur Gareyev"]
[Black "Damir Studen"]
[WhiteElo "2613"]
[BlackElo "2239"]
[PlyCount "41"]

1. d4 d5 2. c4 c6 3. Nc3 Nf6 4. Nf3 e6 5. Qd3 Bb4 6. a3 Bxc3+
7. Qxc3 Ne4 8. Qc2 O-O 9. Bf4 b6 10. e3 Bb7 11. Bd3 f5 12. O-O
Nd7 13. b4 g5 14. Bg3 h5 15. h4 Nxg3 16. fxg3 g4 17. Ng5 Qe7
18. cxd5 cxd5 19. Qc7 Rab8 20. Bb5 Rfd8 21. Rac1 1-0

[Event "112th US Open"]
[Site "Orlando USA"]
[Date "2011.08.05"]
[EventDate "2011.07.30"]
[Round "7"]
[Result "1/2-1/2"]
[White "Kazim Gulamali"]
[Black "Timur Gareyev"]
[WhiteElo "2367"]
[BlackElo "2613"]
[PlyCount "92"]

1. c4 e5 2. Nc3 Nc6 3. Nf3 Nf6 4. g3 g6 5. Bg2 Bg7 6. d3 d6
7. O-O O-O 8. Bg5 h6 9. Bxf6 Bxf6 10. Rb1 a5 11. a3 Bg7 12. b4
axb4 13. axb4 Be6 14. Nd2 e4 15. Nd5 exd3 16. exd3 Ra2 17. b5
Nd4 18. Nb4 Ra7 19. h3 Qd7 20. Kh2 c6 21. bxc6 bxc6 22. Nf3 d5
23. Nxd4 Bxd4 24. Qf3 Ra5 25. cxd5 cxd5 26. Qf4 Bg7 27. Rfc1
g5 28. Qd2 Rb8 29. Nc6 Rxb1 30. Nxa5 Rxc1 31. Qxc1 Qb5 32. Qc7
Qxd3 33. Qd8+ Bf8 34. Nc6 Kg7 35. Qb6 Qc4 36. Nd4 Bc8 37. Nf3
Qc5 38. Qb2+ Kg8 39. Qe5 Bg7 40. Qe8+ Qf8 41. Qe3 Bd7 42. h4
d4 43. Qe4 Qc5 44. Qa8+ Kh7 45. hxg5 hxg5 46. Qd8 g4 1/2-1/2

[Event "112th US Open"]
[Site "Orlando USA"]
[Date "2011.08.06"]
[EventDate "2011.07.30"]
[Round "8"]
[Result "1-0"]
[White "Timur Gareyev"]
[Black "Gabriel Battaglini"]
[WhiteElo "2613"]
[BlackElo "2407"]
[PlyCount "100"]

1. d4 Nf6 2. c4 e6 3. Nf3 d5 4. Nc3 Bb4 5. Qa4+ Nc6 6. Bg5 h6
7. Bxf6 Qxf6 8. e3 O-O 9. Rc1 Qg6 10. h4 Bd7 11. Qc2 Qxc2
12. Rxc2 dxc4 13. Bxc4 a6 14. a3 Bd6 15. Ne4 e5 16. dxe5 Nxe5
17. Nxd6 Nxf3+ 18. gxf3 cxd6 19. Ke2 Rac8 20. Rhc1 Be6 21. f4
Rc6 22. Bd3 Rxc2+ 23. Rxc2 Rc8 24. Rd2 Rc5 25. Be4 Rb5 26. b4
Bc4+ 27. Bd3 Bxd3+ 28. Rxd3 a5 29. Rd4 axb4 30. Rxb4 Ra5
31. a4 g6 32. Kd3 Kg7 33. Kc4 Rc5+ 34. Kb3 Rc1 35. Kb2 Rf1
36. Rxb7 Rxf2+ 37. Ka3 Rh2 38. a5 Rxh4 39. a6 Rh1 40. Rb2 Ra1+
41. Ra2 Rc1 42. Kb4 Rc8 43. a7 Ra8 44. Kb5 g5 45. fxg5 hxg5
46. Kc6 Kf6 47. Kb7 Rxa7+ 48. Rxa7 Ke5 49. Kc6 Ke4 50. Re7+
Kf3 1-0

[Event "US Championship"]
[Site "St Louis, MO USA"]
[Date "2014.05.09"]
[EventDate "2014.05.08"]
[Round "2.2"]
[Result "1/2-1/2"]
[White "Aleksandr Lenderman"]
[Black "Timur Gareyev"]
[WhiteElo "2693"]
[BlackElo "2751"]
[PlyCount "134"]

1. d4 Nf6 2. c4 e6 3. Nc3 Bb4 4. e3 b6 5. Nge2 Bb7 6. a3 Bd6
7. d5 O-O 8. g3 a5 9. Bg2 Na6 10. Rb1 Re8 11. O-O exd5
12. cxd5 Nc5 13. b4 axb4 14. axb4 Nce4 15. Nxe4 Nxe4 16. f3
Nf6 17. e4 Qe7 18. Nd4 Bxb4 19. Nf5 Bc5+ 20. Kh1 Qd8 21. Bg5
d6 22. f4 Ba6 23. Re1 Bc8 24. Nxg7 Kxg7 25. Qc2 Kg6 26. e5+
Bf5 27. Qxf5+ Kxf5 28. Bxf6 dxe5 29. Bxd8 Raxd8 30. Be4+ Kf6
31. Bxh7 exf4 32. Rxe8 Rxe8 33. gxf4 Bd6 34. Rf1 Rh8 35. Bd3
Rh4 36. Kg2 Bxf4 37. h3 Ke5 38. Bc2 Kd4 39. Rb1 Bd6 40. Rf1
Bf4 41. Rd1+ Kc4 42. Rd3 f6 43. Rd1 b5 44. Bd3+ Kc5 45. Be2 b4
46. Rd3 f5 47. Bd1 Be5 48. Bb3 Rd4 49. Rf3 Rd2+ 50. Kg1 Rb2
51. h4 f4 52. h5 Rxb3 53. Rxb3 Kc4 54. Rb1 b3 55. Kf2 b2
56. h6 Kc3 57. Kf3 Kc2 58. Rh1 b1=Q 59. Rxb1 Kxb1 60. Ke4 Bb2
61. h7 Kc2 62. Kxf4 Kd3 63. Kf5 Kc4 64. Ke6 Kc5 65. Kd7 Be5
66. h8=Q Bxh8 67. Kxc7 Kxd5 1/2-1/2

[Event "US Championship"]
[Site "St Louis, MO USA"]
[Date "2014.05.10"]
[EventDate "2014.05.08"]
[Round "3.4"]
[Result "1-0"]
[White "Timur Gareyev"]
[Black "Daniel Naroditsky"]
[WhiteElo "2751"]
[BlackElo "2632"]
[PlyCount "103"]

1. d4 Nf6 2. c4 g6 3. Nc3 Bg7 4. e4 d6 5. Be2 O-O 6. Bg5 Nc6
7. d5 Ne5 8. Nf3 Nxf3+ 9. Bxf3 Nd7 10. Qd2 Nc5 11. O-O a5
12. b3 Bd7 13. Rae1 b6 14. Bd1 Qe8 15. f4 b5 16. cxb5 Bxb5
17. Rf3 Ba6 18. e5 Qb8 19. f5 f6 20. exf6 exf6 21. Bh6 Qb6
22. Be3 Rae8 23. Na4 Ne4 24. Nxb6 Nxd2 25. Bxd2 Rxe1+ 26. Bxe1
cxb6 27. Rc3 Re8 28. Bf2 gxf5 29. Rc6 Bf8 30. Rxb6 Bd3 31. h4
Be4 32. Bf3 Bxf3 33. gxf3 Re2 34. a4 Rb2 35. Be3 Kf7 36. h5
Be7 37. Bf4 Ke8 38. Rb8+ Kd7 39. Rb7+ Ke8 40. Kf1 Rc2 41. Rb5
Kd7 42. Rxa5 Rc3 43. Ra7+ Ke8 44. Ra8+ Kd7 45. Ke2 Rxb3
46. Ra7+ Ke8 47. Bd2 Ra3 48. a5 Bd8 49. Rxh7 Bxa5 50. Ra7 Bb4
51. Rxa3 Bxa3 52. Ke3 1-0

[Event "US Championship"]
[Site "St Louis, MO USA"]
[Date "2014.05.16"]
[EventDate "2014.05.08"]
[Round "8.5"]
[Result "1/2-1/2"]
[White "Timur Gareyev"]
[Black "Alejandro Ramirez Alvarez"]
[WhiteElo "2751"]
[BlackElo "2679"]
[PlyCount "120"]

1. Nf3 d5 2. c4 d4 3. b4 f6 4. e3 e5 5. c5 a5 6. Bc4 axb4
7. exd4 exd4 8. O-O Bxc5 9. Nh4 g6 10. d3 Kf8 11. Nd2 Nc6
12. Ne4 Be7 13. f4 Na5 14. Bxg8 Rxg8 15. f5 Ra6 16. Bh6+ Ke8
17. Qe2 g5 18. Bxg5 fxg5 19. Qh5+ Kd7 20. f6 Bd6 21. Rac1 c5
22. Nf5 Kc7 23. Qxh7+ Bd7 24. Nfxd6 Rxd6 25. Rxc5+ Nc6 26. f7
Rf8 27. Rxg5 Be6 28. Rg8 Rd7 29. Nc5 Bxa2 30. Nxd7 Rxg8
31. f8=Q Rxf8 32. Nxf8+ Qe7 33. Qg6 Bd5 34. Qf5 Qe3+ 35. Kh1
Qe2 36. Rg1 Qe5 37. Qf1 Qd6 38. Qf2 b3 39. h3 Qh6 40. Qg3+ Kb6
41. Nd7+ Kb5 42. Kh2 Nb4 43. Qe5 Qe6 44. Qc7 Qc6 45. Qxc6+
Kxc6 46. Ne5+ Kd6 47. Nc4+ Bxc4 48. dxc4 d3 49. h4 b2 50. h5
Ke7 51. Rf1 Nc2 52. h6 Ne3 53. Rb1 d2 54. h7 d1=Q 55. Rxd1
Nxd1 56. h8=Q b1=Q 57. Qe5+ Kf7 58. Qd5+ Ke7 59. Qe5+ Kd7
60. Qd5+ Ke7 1/2-1/2

[Event "2nd Gulf Coast New Year"]
[Site "Fort Myers USA"]
[Date "2016.01.09"]
[EventDate "2016.01.08"]
[Round "2"]
[Result "0-1"]
[White "Cesar Valido"]
[Black "Timur Gareyev"]
[WhiteElo "2241"]
[BlackElo "2605"]
[PlyCount "40"]

1. e4 e5 2. Nf3 Nc6 3. Bc4 Bc5 4. c3 d6 5. Bb3 Qf6 6. d3 Nge7
7. Be3 h6 8. Nbd2 Ng6 9. Ba4 O-O 10. Nf1 Nf4 11. Bxf4 Qxf4
12. Ng3 f5 13. Bb3+ Kh8 14. exf5 Bxf5 15. Nxf5 Rxf5 16. O-O
Raf8 17. Bd5 Rh5 18. Qe2 Qg4 19. Bxc6 bxc6 20. d4 e4 0-1

[Event "2nd Gulf Coast New Year"]
[Site "Fort Myers USA"]
[Date "2016.01.09"]
[EventDate "2016.01.08"]
[Round "3"]
[Result "1/2-1/2"]
[White "Timur Gareyev"]
[Black "Sandro Pozo Vera"]
[WhiteElo "2605"]
[BlackElo "2438"]
[PlyCount "128"]

1. d4 d5 2. Nf3 Nf6 3. c4 c6 4. e3 g6 5. Nc3 Bg7 6. Bd3 O-O
7. O-O Bg4 8. h3 Bxf3 9. Qxf3 e6 10. b3 Nbd7 11. Rd1 Re8
12. Bb2 a6 13. Rac1 Qe7 14. Bf1 Rad8 15. Qe2 h5 16. Qc2 Rc8
17. Qb1 Rcd8 18. Rc2 Nb6 19. Qc1 Qc7 20. Ba3 Qb8 21. Bb4 Nbd7
22. Qa3 Bf8 23. Bxf8 Nxf8 24. b4 e5 25. dxe5 Qxe5 26. Rcd2 Ne6
27. cxd5 cxd5 28. b5 axb5 29. Bxb5 Rf8 30. Qb4 Rd6 31. Bd3 Rc8
32. Ne2 b6 33. Nf4 Nc5 34. Bb1 Rcd8 35. Rd4 Kg7 36. Bc2 Qe7
37. a4 Qa7 38. Qb2 Kg8 39. Rb4 Qc7 40. Rc1 Qa7 41. Qe5 Qd7
42. Rd1 Re8 43. Qb2 Qc7 44. Rc1 Qa7 45. Bb1 Nfe4 46. Qd4 Qd7
47. Ba2 Nf6 48. Bb1 Ra8 49. Bc2 Rc8 50. Rd1 Na6 51. Rb2 Rc4
52. Qd2 Nc5 53. Rb4 Nfe4 54. Bxe4 dxe4 55. Qxd6 Qxd6 56. Rxd6
Rxb4 57. Nd5 Rb1+ 58. Kh2 Nxa4 59. Nf6+ Kf8 60. Nxe4 Ke7
61. Rc6 Kd7 62. Rf6 Ke7 63. Rc6 Kd7 64. Rf6 Ke7 1/2-1/2

[Event "2nd Gulf Coast New Year"]
[Site "Fort Myers USA"]
[Date "2016.01.10"]
[EventDate "2016.01.08"]
[Round "4"]
[Result "1/2-1/2"]
[White "Alexander Vladilenovich Goldin"]
[Black "Timur Gareyev"]
[WhiteElo "2553"]
[BlackElo "2605"]
[PlyCount "51"]

1. Nf3 e6 2. g3 b5 3. Bg2 Bb7 4. O-O c5 5. b3 Be7 6. Bb2 Nf6
7. c4 b4 8. d4 O-O 9. Nbd2 cxd4 10. Nxd4 Bxg2 11. Kxg2 Qb6
12. Qc2 Na6 13. N4f3 Nc5 14. Ng5 Qb7+ 15. f3 g6 16. Nge4 Ncxe4
17. Nxe4 Nxe4 18. Qxe4 Qxe4 19. fxe4 f6 20. e5 fxe5 21. Bxe5
Rxf1 22. Rxf1 a5 23. Rd1 Ra7 24. Bb8 Rb7 25. Bd6 Kf7 26. Rd4
1/2-1/2

[Event "2nd Gulf Coast New Year"]
[Site "Fort Myers USA"]
[Date "2016.01.10"]
[EventDate "2016.01.08"]
[Round "5"]
[Result "1/2-1/2"]
[White "Julio Becerra Rivero"]
[Black "Timur Gareyev"]
[WhiteElo "2545"]
[BlackElo "2605"]
[PlyCount "129"]

1. e4 c5 2. Nf3 Nc6 3. Bb5 g6 4. O-O Bg7 5. Re1 Nd4 6. Nxd4
cxd4 7. c3 Qb6 8. Na3 Nh6 9. Bd3 O-O 10. Nb5 e5 11. cxd4 d5
12. Qb3 exd4 13. e5 Re8 14. f4 Bf5 15. Bxf5 Nxf5 16. d3 a6
17. Na3 Qxb3 18. axb3 f6 19. e6 h5 20. Bd2 Rac8 21. Rac1 Rxc1
22. Rxc1 Rxe6 23. Rc8+ Kh7 24. Kf2 Ne3 25. h3 Nd1+ 26. Kf3
Nxb2 27. Nc2 f5 28. Rc7 Kg8 29. Nb4 b6 30. Rc2 a5 31. Rxb2
axb4 32. Rc2 Bf8 33. Rc8 Kf7 34. Rc7+ Kf6 35. Rc8 Bc5 36. Rc7
Be7 37. Kf2 Bc5 38. Kf3 Re8 39. Ra7 Ke6 40. Ke2 Kd6+ 41. Kd1
Kc6 42. h4 b5 43. Rg7 Re6 44. g3 Kb6 45. Rf7 Be7 46. Rg7 Kc5
47. Bc1 Bd6 48. Rg8 Bc7 49. Rg7 Bd6 50. Rg8 Bc7 51. Rg7 Bb6
52. Rg8 Kc6 53. Rg7 Bc7 54. Rg8 Kb7 55. Rg7 Ra6 56. Bb2 Kc8
57. Rg8+ Bd8 58. Rg7 Re6 59. Bc1 Be7 60. Rg8+ Kd7 61. Rb8 Ra6
62. Rb7+ Ke6 63. Bb2 Ra2 64. Kc2 Ra6 65. Kd1 1/2-1/2

[Event "SPICE Cup Open"]
[Site "St Louis, MO USA"]
[Date "2016.10.17"]
[EventDate "2016.10.17"]
[Round "1.5"]
[Result "1-0"]
[White "Timur Gareyev"]
[Black "Konstantin Kavutskiy"]
[WhiteElo "2615"]
[BlackElo "2332"]
[PlyCount "53"]

1. d4 Nf6 2. c4 g6 3. Nc3 Bg7 4. e4 d6 5. Be2 O-O 6. Bg5 Na6
7. f4 c6 8. Bf3 Nc7 9. Nge2 Qe8 10. O-O h6 11. Bh4 e5 12. dxe5
dxe5 13. Qd6 Qd7 14. Qxe5 Nfd5 15. exd5 Bxe5 16. fxe5 Na6
17. Ne4 Qc7 18. d6 Qa5 19. d7 Bxd7 20. Nf6+ Kh8 21. Nxd7 Rfd8
22. Rad1 Re8 23. Be1 Qxa2 24. Bc3 Re6 25. Bg4 Qxc4 26. Rd4 Qb5
27. Rxf7 1-0

[Event "SPICE Cup Open"]
[Site "St Louis, MO USA"]
[Date "2016.10.18"]
[EventDate "2016.10.17"]
[Round "2.4"]
[Result "0-1"]
[White "Alexander Kaliksteyn"]
[Black "Timur Gareyev"]
[WhiteElo "2412"]
[BlackElo "2615"]
[PlyCount "74"]

1. d4 Nf6 2. Nf3 e6 3. Bf4 Nh5 4. Bg5 Be7 5. Bxe7 Qxe7 6. Nc3
d5 7. e4 dxe4 8. Nxe4 Nd7 9. Qd2 O-O 10. O-O-O b6 11. Bc4 Bb7
12. Rhe1 Rad8 13. Neg5 Kh8 14. Bxe6 Qf6 15. Bc4 Nf4 16. Ne4
Qf5 17. Nh4 Qg4 18. g3 Ne5 19. Bb3 Nfg6 20. Qe2 Nxh4 21. dxe5
Rxd1+ 22. Qxd1 Nf3 23. Nc3 h5 24. Re3 Nxh2 25. f4 h4 26. gxh4
Qxf4 27. Qh5+ Kg8 28. Nd1 Ng4 29. e6 g6 30. exf7+ Kg7 31. Qg5
Qxg5 32. hxg5 Nxe3 33. Nxe3 Rd8 34. c3 Be4 35. Ng4 Bd5
36. Bxd5 Rxd5 37. Nf6 Rf5 0-1

[Event "SPICE Cup Open"]
[Site "St Louis, MO USA"]
[Date "2016.10.19"]
[EventDate "2016.10.17"]
[Round "4.1"]
[Result "1-0"]
[White "Le Quang Liem"]
[Black "Timur Gareyev"]
[WhiteElo "2723"]
[BlackElo "2615"]
[PlyCount "55"]

1. d4 Nf6 2. c4 e6 3. Nf3 Bb4+ 4. Bd2 Bxd2+ 5. Qxd2 O-O 6. Nc3
d5 7. e3 Nbd7 8. Rd1 Qe7 9. Bd3 dxc4 10. Bxc4 c5 11. O-O Nb6
12. Bb3 Rd8 13. e4 cxd4 14. Nxd4 Bd7 15. e5 Ne8 16. f4 Rac8
17. Qf2 g6 18. g4 Nc4 19. f5 a6 20. Rde1 Rc7 21. Re4 b5
22. Bxc4 Rxc4 23. fxg6 hxg6 24. Rf4 Qg5 25. Ne4 Qxe5 26. Rxf7
Qxe4 27. Rf8+ Kg7 28. Rg8+ 1-0

[Event "SPICE Cup Open"]
[Site "St Louis, MO USA"]
[Date "2016.10.19"]
[EventDate "2016.10.17"]
[Round "5.3"]
[Result "0-1"]
[White "Timur Gareyev"]
[Black "Ruifeng Li"]
[WhiteElo "2615"]
[BlackElo "2538"]
[PlyCount "116"]

1. d4 Nf6 2. Bg5 d5 3. Nd2 Nbd7 4. Ngf3 c5 5. e3 g6 6. Bb5 Bg7
7. dxc5 O-O 8. b4 a5 9. c3 axb4 10. cxb4 Ne4 11. Nxe4 dxe4
12. Nd2 h6 13. Bh4 g5 14. Bg3 Nxc5 15. bxc5 Qa5 16. Bc4 Bxa1
17. Qxa1 Rd8 18. O-O Rxd2 19. Qe5 Qa4 20. Bb3 Qc6 21. h4 Be6
22. hxg5 Bxb3 23. gxh6 f6 24. Qh5 Kh8 25. axb3 Qd5 26. Qh3 Rd1
27. Rxd1 Qxd1+ 28. Kh2 Ra1 29. Qc8+ Kh7 30. Qf5+ Kxh6 31. Bd6
Qh5+ 32. Qxh5+ Kxh5 33. Bxe7 Kg6 34. b4 Rb1 35. Kg3 Kf7
36. Bd6 Ke6 37. Bf8 Rb2 38. f3 Kd5 39. Be7 f5 40. Bf8 Ke6
41. fxe4 fxe4 42. Bg7 Rxb4 43. Kf4 Kd5 44. g4 Rb1 45. Bd4 Rf1+
46. Kg3 Ke6 47. Kh4 Kf7 48. Kg5 Rf3 49. Kh5 Rf2 50. Kg5 Rf1
51. Kh5 Rd1 52. Kh4 Kg6 53. Be5 Rf1 54. Bb2 Re1 55. Bd4 Re2
56. Kh3 Kg5 57. Kg3 Rc2 58. Kh3 Rf2 0-1